|
|
|
|
| LEADER |
00000nab a2200000ua 4500 |
| 001 |
vtls010798997 |
| 003 |
SK-MaSNL |
| 005 |
20260303135020.0 |
| 008 |
230218s2008 xo |||||||||||||||||cze| |
| 035 |
|
|
|a (urnnbn)urn:nbn:sk:snk:ar-a04jyw
|
| 035 |
|
|
|a (uuid)edc28a62-79aa-46d7-b161-10a598a620fe
|
| 035 |
|
|
|a urn:nbn:sk:snk-ab4tt2
|
| 040 |
|
|
|a SNKBUCL
|b slo
|c SNKBUCL
|e AACR2
|
| 041 |
0 |
|
|a cze
|
| 044 |
|
|
|a xo
|c SK
|
| 100 |
1 |
|
|a Bubák, Antonín
|4 aut
|9 1156047
|
| 245 |
1 |
0 |
|a Potlačovaní vibrací při rozbíhání dynamických soustav
|c Antonín Bubák, Pavel Souček
|
| 700 |
1 |
|
|a Souček, Pavel
|4 aut
|9 349757
|
| 773 |
0 |
|
|t Hydraulika a pneumatika : časopis pre hydrauliku, pneumatiku a automatizačnú techniku
|g Roč. 10(9), č. 1-2 (2008), s. 17-21
|
| 954 |
|
|
|a odborná, vedecká literatúra cudzojazyčná (svetová)
|2 lita
|
| 958 |
|
|
|a OND
|
| 958 |
|
|
|a EUIPO
|
| 958 |
|
|
|a article3
|
| 999 |
|
|
|c 1963203
|d 1965133
|